000 00628nam a2200241Ia 4500
003 OSt
005 20220912145614.0
006 a|||||r|||| 00| 0
007 ta
008 220909b |||||||| |||| 00| 0 eng d
024 _a71257
037 _cTextual
040 _aCSL
_beng
_cCSL
041 _aeng
082 _aG:1995, K8-;1
100 _aStevens G W W
245 0 _aMicrophotography: Photography and photofabrication at extreme resolutions
260 _c1968
300 _ap.
_ccm.
650 _aMicrophotography
942 _hG:1995, K8-;1
_cTEXL
_2CC
999 _c34835
_d34835